[Event "Asian Continental op 12th"]
[Site "Manila"]
[Date "2013.05.22"]
[Round "5"]
[White "Barbosa, Oliver"]
[Black "Donguines, Fernie"]
[Result "1-0"]
[WhiteElo "2566"]
[BlackElo "2372"]
[PlyCount "87"]
[EventDate "2013.05.18"]
[EventType "swiss"]
[EventRounds "9"]
[EventCountry "PHI"]
[SourceTitle "CBM 154 Extra"]
[Source "ChessBase"]
[SourceDate "2013.06.25"]
[SourceVersion "2"]
[SourceVersionDate "2013.06.25"]
[SourceQuality "1"]

1. d4 Nf6 2. c4 c5 3. d5 b5 4. Qc2 d6 5. e4 g6 6. Nf3 Bg7 7. cxb5 a6 8. Nc3 0-0 9. a4 axb5 10. Bxb5 Na6 11. h3 Nb4 12. Qe2 Ba6 13. 0-0 Nd7 14. Rd1 Qc7 15. Ra3 Rfb8 16. h4 Ne5 17. Nxe5 Bxe5 18. Bxa6 Rxa6 19. Nb5 Qd7 20. h5 Ra5 21. f4 Bg7 22. e5 dxe5 23. fxe5 Nxd5 24. Qd2 Raxb5 25. axb5 e6 26. Qe2 Qc7 27. Re1 c4 28. Kh1 Qc5 29. Rf1 Qc7 30. Qf2 h6 31. Ra7 Rb7 32. Rxb7 Qxb7 33. hxg6 fxg6 34. Qc5 Kh7 35. Qxc4 Bxe5 36. Qe4 Qc7 37. b6 Nxb6 38. Bf4 Bxf4 39. Qxf4 Qxf4 40. Rxf4 Kg7 41. b4 Nd5 42. b5 Nb6 43. Rf1 h5 44. Rc1 1-0

[Event "Asian Continental op 12th"]
[Site "Manila"]
[Date "2013.05.20"]
[Round "3"]
[White "Negi, Parimarjan"]
[Black "Donguines, Fernie"]
[Result "1-0"]
[WhiteElo "2651"]
[BlackElo "2372"]
[PlyCount "79"]
[EventDate "2013.05.18"]
[EventType "swiss"]
[EventRounds "9"]
[EventCountry "PHI"]
[SourceTitle "CBM 154 Extra"]
[Source "ChessBase"]
[SourceDate "2013.06.25"]
[SourceVersion "2"]
[SourceVersionDate "2013.06.25"]
[SourceQuality "1"]

1. e4 g6 2. d4 Bg7 3. Nf3 d6 4. Bc4 c6 5. Bb3 Nf6 6. Qe2 e5 7. 0-0 Qe7 8. Nbd2 0-0 9. c3 Nh5 10. Re1 Nf4 11. Qf1 b6 12. a4 g5 13. dxe5 dxe5 14. Nc4 Na6 15. Bc2 Nc7 16. Ne3 g4 17. Nf5 Bxf5 18. exf5 Ncd5 19. Nd2 Kh8 20. Ne4 Rg8 21. Kh1 Qd7 22. f6 Nxf6 23. Nxf6 Bxf6 24. Bxf4 exf4 25. Rad1 Qc7 26. Qd3 Rg7 27. Qf5 Bh4 28. Rd7 Qc8 29. g3 fxg3 30. hxg3 Bg5 31. Rxa7 Rb8 32. Rd7 Qf8 33. b4 c5 34. a5 bxa5 35. bxa5 Re8 36. Rxe8 Qxe8 37. Rc7 Bd8 38. Rc8 Rg6 39. Qd5 Rg8 40. a6 1-0

[Event "Manila op"]
[Site "Manila"]
[Date "2008.05.01"]
[Round "9"]
[White "Antonio, Rogelio Jr"]
[Black "Donguines, Fernie"]
[Result "1-0"]
[WhiteElo "2529"]
[BlackElo "2362"]
[PlyCount "49"]
[EventDate "2008.04.03"]
[EventType "swiss"]
[EventRounds "9"]
[EventCountry "PHI"]
[SourceTitle "EXT 2010"]
[Source "ChessBase"]
[SourceDate "2010.11.25"]
[SourceVersion "1"]
[SourceVersionDate "2010.11.25"]
[SourceQuality "1"]

1. e4 b6 2. d4 Bb7 3. Bd3 Nf6 4. Qe2 e6 5. Nf3 d5 6. e5 Nfd7 7. Ng5 Qe7 8. 0-0 c5 9. c3 Nc6 10. Nf3 h6 11. Be3 0-0-0 12. Bb5 f5 13. dxc5 bxc5 14. b4 g5 15. Nbd2 Qf7 16. bxc5 Nxc5 17. Rab1 Nb8 18. Bxc5 Bxc5 19. Nd4 Qe7 20. Rfc1 a6 21. Ba4 Rd7 22. Bxd7+ Nxd7 23. N2b3 Bb6 24. c4 Bc7 25. Na5 1-0

[Event "Manila op"]
[Site "Manila"]
[Date "2008.04.28"]
[Round "4"]
[White "Donguines, Fernie"]
[Black "Nouri, Hamed"]
[Result "1-0"]
[WhiteElo "2362"]
[BlackElo "2392"]
[PlyCount "75"]
[EventDate "2008.04.03"]
[EventType "swiss"]
[EventRounds "9"]
[EventCountry "PHI"]
[SourceTitle "EXT 2010"]
[Source "ChessBase"]
[SourceDate "2010.11.25"]
[SourceVersion "1"]
[SourceVersionDate "2010.11.25"]
[SourceQuality "1"]

1. e4 c5 2. Nf3 Nc6 3. Bb5 g6 4. 0-0 Bg7 5. Re1 e5 6. Na3 Nge7 7. Nc4 d6 8. b4 0-0 9. bxc5 dxc5 10. Ba3 b6 11. c3 Bb7 12. Rb1 Qc7 13. Qe2 Nd8 14. Ba4 Ne6 15. g3 f5 16. Nfxe5 fxe4 17. Qg4 Nf5 18. Bd7 Bxe5 19. Bxe6+ Kh8 20. d4 cxd4 21. Bxf8 Rxf8 22. Nxe5 Qxe5 23. Bxf5 gxf5 24. cxd4 Qd5 25. Qf4 Re8 26. Rbc1 Re7 27. Qb8+ Kg7 28. Rc7 Rxc7 29. Qxc7+ Kg6 30. Qe5 Qxa2 31. Qd6+ Kh5 32. Qd7 Qd5 33. Qxh7+ Kg5 34. Qg7+ Kh5 35. Re3 Ba6 36. h4 f4 37. Qh7+ Kg4 38. Qg6+ 1-0

[Event "Manila op"]
[Site "Manila"]
[Date "2008.04.25"]
[Round "2"]
[White "Donguines, Fernie"]
[Black "Torre, Eugenio"]
[Result "0-1"]
[WhiteElo "2362"]
[BlackElo "2519"]
[PlyCount "112"]
[EventDate "2008.04.03"]
[EventType "swiss"]
[EventRounds "9"]
[EventCountry "PHI"]
[SourceTitle "EXT 2010"]
[Source "ChessBase"]
[SourceDate "2010.11.25"]
[SourceVersion "1"]
[SourceVersionDate "2010.11.25"]
[SourceQuality "1"]

1. e4 Nf6 2. e5 Nd5 3. Bc4 Nb6 4. Bb3 c5 5. c3 c4 6. Bc2 Nc6 7. d4 cxd3 8. Qxd3 Nxe5 9. Qg3 d6 10. f4 Nc6 11. Nf3 g6 12. 0-0 Bf5 13. Bb3 Bg7 14. Nh4 Qd7 15. a4 Na5 16. Bd1 0-0 17. Nd2 Nd5 18. Nxf5 gxf5 19. Bc2 e6 20. Nf3 Nc6 21. Qh3 Nf6 22. Kh1 Ng4 23. Qg3 d5 24. h3 Nf6 25. Qh4 Ne4 26. Ng5 Nxg5 27. fxg5 Ne5 28. Be3 Rfc8 29. Qh5 Ng6 30. Bb3 Be5 31. Rad1 Qe7 32. Rf3 a6 33. Re1 b5 34. axb5 axb5 35. Bf2 Qd6 36. Rfe3 Bg7 37. h4 b4 38. Qf3 bxc3 39. bxc3 Ra3 40. Qd1 Rxc3 41. Rxe6 fxe6 42. Rxe6 Rcxb3 43. Rxd6 Ra1 44. Qxa1 Bxa1 45. Rxd5 Rb1+ 46. Kh2 Be5+ 47. g3 Nxh4 48. Rd8+ Kf7 49. Be3 Rb3 50. Bf4 Bxf4 51. gxf4 Kg6 52. Rd6+ Kh5 53. Rh6+ Kg4 54. Rxh7 Rb2+ 55. Kg1 Kg3 56. Kf1 Nf3 0-1

[Event "Manila Pichay Cup 3rd"]
[Site "Manila"]
[Date "2007.12.05"]
[Round "7"]
[White "Donguines, Fernie"]
[Black "Zhang, Xiaowen"]
[Result "1-0"]
[WhiteElo "2356"]
[BlackElo "2254"]
[PlyCount "75"]
[EventDate "2007.12.01"]
[EventType "swiss"]
[EventRounds "9"]
[EventCountry "PHI"]
[SourceTitle "CBM 122 Extra"]
[Source "ChessBase"]
[SourceDate "2008.03.04"]
[SourceVersion "1"]
[SourceVersionDate "2008.03.04"]
[SourceQuality "1"]

1. d4 Nf6 2. c4 g6 3. Nc3 Bg7 4. Bg5 0-0 5. Qd2 c5 6. d5 d6 7. e4 a6 8. f3 e6 9. h4 Qa5 10. Bh6 exd5 11. cxd5 Re8 12. Bxg7 Kxg7 13. h5 Nbd7 14. hxg6 fxg6 15. Qh6+ Kg8 16. Nh3 b5 17. Nf4 Nf8 18. Qh4 Kg7 19. Qh6+ Kg8 20. Qh4 Kg7 21. g4 Bxg4 22. fxg4 Rxe4+ 23. Be2 Qb4 24. Nd3 Rxe2+ 25. Kxe2 Re8+ 26. Kd2 Qd4 27. Qf2 Qxg4 28. Raf1 N8d7 29. Rfg1 Qc4 30. Rh4 Ne4+ 31. Nxe4 Rxe4 32. Rxe4 Qxe4 33. Re1 Qg4 34. Re7+ Kh6 35. Qe3+ g5 36. Qf2 Qh3 37. Qf7 Qh2+ 38. Nf2 1-0

[Event "Manila Pichay Cup 3rd"]
[Site "Manila"]
[Date "2007.12.02"]
[Round "3"]
[White "Donguines, Fernie"]
[Black "Torre, Eugenio"]
[Result "1/2-1/2"]
[WhiteElo "2356"]
[BlackElo "2531"]
[PlyCount "72"]
[EventDate "2007.12.01"]
[EventType "swiss"]
[EventRounds "9"]
[EventCountry "PHI"]
[SourceTitle "CBM 122 Extra"]
[Source "ChessBase"]
[SourceDate "2008.03.04"]
[SourceVersion "1"]
[SourceVersionDate "2008.03.04"]
[SourceQuality "1"]

1. Nf3 d5 2. c4 d4 3. e3 Nc6 4. d3 e5 5. a3 a5 6. Be2 Nf6 7. 0-0 Be7 8. e4 0-0 9. b3 Nd7 10. Nbd2 Nc5 11. Rb1 Be6 12. Ne1 Qd7 13. Ndf3 f6 14. Kh1 Rfb8 15. a4 Nb4 16. Ng1 c6 17. f4 Na2 18. f5 Bf7 19. Bd2 b5 20. Qc2 Nb4 21. Qd1 Rb7 22. Ra1 bxc4 23. bxc4 Rab8 24. Rf3 Nba6 25. Rh3 Nb3 26. Bh5 Qe8 27. Bxf7+ Qxf7 28. Ra2 Nxd2 29. Qxd2 Bb4 30. Qf2 Bxe1 31. Qxe1 Rb1 32. Qh4 h6 33. g4 Nc5 34. Qf2 R8b3 35. Qd2 Rc3 36. Qe2 Qb7 1/2-1/2

[Event "PGMA Cup 2nd"]
[Site "Manila"]
[Date "2007.11.23"]
[Round "2"]
[White "Barbosa, Oliver"]
[Black "Donguines, Fernie"]
[Result "1-0"]
[WhiteElo "2420"]
[BlackElo "2356"]
[PlyCount "63"]
[EventDate "2007.11.22"]
[EventType "swiss"]
[EventRounds "9"]
[EventCountry "PHI"]
[SourceTitle "EXT 2009"]
[Source "ChessBase"]
[SourceDate "2008.11.26"]
[SourceVersion "1"]
[SourceVersionDate "2008.11.26"]
[SourceQuality "1"]

1. e4 b6 2. d4 Bb7 3. Bd3 Nf6 4. Qe2 c5 5. d5 g6 6. c4 e5 7. f4 d6 8. Nf3 Nbd7 9. Nc3 a6 10. 0-0 Bg7 11. f5 Qe7 12. Rb1 Bc8 13. g3 Rb8 14. Bc2 0-0 15. a4 Kh8 16. Bd3 Re8 17. Nh4 Ng8 18. Bd2 Bf6 19. Nf3 Bg7 20. g4 Ndf6 21. g5 Nxe4 22. Nxe4 Bxf5 23. Nh4 Bd7 24. Qf3 Rf8 25. Nf6 Bxa4 26. Nf5 Qd8 27. Nxh7 e4 28. Qh3 gxf5 29. Bc3 f6 30. Nxf8+ Nh6 31. Ne6 Qe8 32. gxf6 1-0

[Event "PGMA Cup 2nd"]
[Site "Manila"]
[Date "2007.11.23"]
[Round "3"]
[White "Donguines, Fernie"]
[Black "Panopio, Rodolfo Jr"]
[Result "0-1"]
[WhiteElo "2356"]
[BlackElo "2212"]
[PlyCount "170"]
[EventDate "2007.11.22"]
[EventType "swiss"]
[EventRounds "9"]
[EventCountry "PHI"]
[SourceTitle "EXT 2009"]
[Source "ChessBase"]
[SourceDate "2008.11.26"]
[SourceVersion "1"]
[SourceVersionDate "2008.11.26"]
[SourceQuality "1"]

1. e4 c6 2. Nc3 d5 3. Nf3 dxe4 4. Nxe4 Nf6 5. Nxf6+ exf6 6. d4 Bd6 7. Be2 0-0 8. 0-0 Bg4 9. c4 Re8 10. Bd2 Nd7 11. Re1 c5 12. d5 Qc7 13. g3 Re4 14. Qb3 Ne5 15. Bd1 Rxe1+ 16. Bxe1 Ng6 17. Nd2 h5 18. Ne4 Re8 19. f3 Bf5 20. Bc2 Bc8 21. Bf2 b6 22. Re1 Bd7 23. f4 Re7 24. Bd1 Bg4 25. Bf3 Qd7 26. Bg2 h4 27. Bf3 Bf5 28. Qd1 Bh3 29. a3 Kf8 30. Be3 Bf5 31. Nf2 Qc7 32. Bg2 Qc8 33. Bd2 Rxe1+ 34. Qxe1 hxg3 35. hxg3 Qa6 36. Bf1 Qa4 37. Qd1 Bc2 38. Qf3 Ne7 39. Bc3 Nf5 40. Bd3 Qb3 41. Qg4 Bxd3 42. Nxd3 g6 43. Qh3 Qd1+ 44. Ne1 Kg7 45. Kf2 Qc1 46. Ng2 Qc2+ 47. Kg1 Qd3 48. Kh2 Qxc4 49. g4 Bxf4+ 50. Kg1 Ng3 51. Nxf4 Qxf4 52. Kg2 Ne4 53. Be1 Ng5 54. Qd3 Qxg4+ 55. Bg3 Qe4+ 56. Qxe4 Nxe4 57. Bb8 a6 58. Bc7 b5 59. d6 Nxd6 60. Bxd6 c4 61. Kf3 f5 62. Ke3 Kf6 63. Kd4 g5 64. Kc5 Ke6 65. Bh2 f4 66. a4 bxa4 67. Kxc4 f5 68. Kd4 Kd6 69. Bg1 g4 70. Bf2 Ke6 71. Be1 g3 72. Kd3 Kd5 73. Ba5 Kc5 74. Bc3 Kd5 75. Ba5 g2 76. Bb6 Ke5 77. Bc5 Kd5 78. Bd4 f3 79. Bg1 f4 80. Bd4 a5 81. Bg1 Ke5 82. Bf2 Kf5 83. Kd4 Kg5 84. Ke5 Kg4 85. Ke4 g1Q 0-1

[Event "Manila PGMA Cup 1st"]
[Site "Manila"]
[Date "2006.11.22"]
[Round "8"]
[White "Mendoza, Beverly"]
[Black "Donguines, Fernie"]
[Result "1/2-1/2"]
[WhiteElo "2166"]
[BlackElo "2401"]
[PlyCount "69"]
[EventDate "2006.11.17"]
[EventType "swiss"]
[EventRounds "9"]
[EventCountry "PHI"]
[SourceTitle "CBM 115 Extra"]
[Source "ChessBase"]
[SourceDate "2007.01.10"]
[SourceVersion "1"]
[SourceVersionDate "2007.01.10"]
[SourceQuality "1"]

1. e4 e5 2. Nf3 Nc6 3. Bc4 Nf6 4. d3 Bc5 5. c3 d6 6. b4 Bb6 7. a4 a6 8. 0-0 h6 9. Be3 Bxe3 10. fxe3 0-0 11. Qe1 Be6 12. Nbd2 Re8 13. Nh4 d5 14. exd5 Nxd5 15. Ne4 b6 16. Qg3 Kh8 17. Nf5 Rg8 18. Rf3 b5 19. axb5 axb5 20. Rxa8 Qxa8 21. Bxb5 Nxc3 22. Nxc3 Qa1+ 23. Rf1 Qxc3 24. Bxc6 Bxf5 25. Rxf5 Qxc6 26. Rxf7 Qc1+ 27. Rf1 Qc3 28. b5 Rd8 29. h4 Kg8 30. Qg6 Qxd3 31. Qe6+ Kh7 32. Qxe5 Rd5 33. Qe8 Rd8 34. Qe5 Rd5 35. Qe8 1/2-1/2

[Event "Asia Cities-ch 14th"]
[Site "Tagaytay City"]
[Date "2004.03.23"]
[Round "4.1"]
[White "Donguines, Fernie"]
[Black "Alsharhan, Faisal"]
[Result "1-0"]
[WhiteElo "2413"]
[BlackElo "2125"]
[PlyCount "87"]
[EventDate "2004.03.21"]
[EventType "team"]
[EventRounds "9"]
[EventCountry "PHI"]
[SourceTitle "CBM 099 Extra"]
[Source "ChessBase"]
[SourceDate "2004.05.04"]
[SourceVersion "1"]
[SourceVersionDate "2004.05.04"]
[SourceQuality "1"]
[WhiteTeam "Tanauan"]
[BlackTeam "Dubai"]
[WhiteTeamCountry "PHI"]
[BlackTeamCountry "UAE"]

1. c4 c6 2. Nf3 d5 3. e3 Nf6 4. b3 Bg4 5. Bb2 e6 6. Be2 Nbd7 7. d3 Bb4+ 8. Kf1 0-0 9. h3 Bxf3 10. Bxf3 Qe7 11. Qc2 Rfd8 12. a3 Bd6 13. Nc3 Ne5 14. Be2 Ng6 15. h4 h5 16. b4 Rac8 17. Re1 e5 18. c5 Bb8 19. Qd1 d4 20. exd4 Rxd4 21. Ne4 Rd5 22. Bf3 Rd7 23. g3 Rcd8 24. Nxf6+ Qxf6 25. Be4 b6 26. Bc1 Ne7 27. Qxh5 g6 28. Qe2 Qg7 29. g4 Nd5 30. g5 bxc5 31. bxc5 Nc3 32. Qg4 Nxe4 33. dxe4 Bc7 34. Kg2 Ba5 35. Ref1 Qf8 36. h5 f5 37. gxf6 Qxf6 38. hxg6 Rg7 39. Rh6 Bd2 40. Bxd2 Rxd2 41. Qc8+ Rd8 42. Qf5 Qxf5 43. exf5 Kf8 44. f6 1-0

[Event "Asia Cities-ch 14th"]
[Site "Tagaytay City"]
[Date "2004.03.22"]
[Round "3.1"]
[White "Situru, Nathanael"]
[Black "Donguines, Fernie"]
[Result "0-1"]
[WhiteElo "2375"]
[BlackElo "2413"]
[PlyCount "80"]
[EventDate "2004.03.21"]
[EventType "team"]
[EventRounds "9"]
[EventCountry "PHI"]
[SourceTitle "CBM 099 Extra"]
[Source "ChessBase"]
[SourceDate "2004.05.04"]
[SourceVersion "1"]
[SourceVersionDate "2004.05.04"]
[SourceQuality "1"]
[WhiteTeam "Samarinda"]
[BlackTeam "Tanauan"]
[WhiteTeamCountry "INA"]
[BlackTeamCountry "PHI"]

1. e4 g6 2. d4 d6 3. Nc3 Bg7 4. Be3 c6 5. Qd2 b5 6. a3 a6 7. f3 Nd7 8. g4 Nb6 9. b3 Qc7 10. Nge2 h5 11. g5 e6 12. Bg2 Ne7 13. 0-0 Bb7 14. a4 Nd7 15. f4 d5 16. f5 gxf5 17. exf5 Nxf5 18. Rxf5 exf5 19. Bf4 Qb6 20. a5 Qa7 21. Bd6 0-0-0 22. Bh3 c5 23. Nd1 cxd4 24. Nf2 Rhe8 25. Nd3 Re6 26. Bg3 h4 27. Bf2 Rde8 28. Nef4 Ne5 29. Nxe5 Rxe5 30. Nd3 Re3 31. Bxf5+ Kb8 32. Bxh4 Ka8 33. Rf1 Qb8 34. Qd1 Bf8 35. Qg4 Bd6 36. Rf2 R3e4 37. Qh5 Rh8 38. Bh7 Qc7 39. b4 Qc8 40. Rg2 Qh3 0-1

[Event "Asia-ch"]
[Site "Kolkata"]
[Date "2001.08.17"]
[Round "11"]
[White "Donguines, Fernie"]
[Black "Reefat, Bin Sattar"]
[Result "0-1"]
[WhiteElo "2411"]
[BlackElo "2444"]
[PlyCount "63"]
[EventDate "2001.08.09"]
[EventType "swiss"]
[EventRounds "11"]
[EventCountry "IND"]
[SourceTitle "CBM 085"]
[Source "ChessBase"]
[SourceDate "2001.11.13"]
[SourceVersion "1"]
[SourceVersionDate "2001.11.13"]
[SourceQuality "1"]

1. e4 c5 2. Nf3 Nc6 3. d4 cxd4 4. Nxd4 Qc7 5. Nc3 e6 6. g3 a6 7. Bg2 Nf6 8. 0-0 Bc5 9. Nxc6 dxc6 10. Qe2 e5 11. Be3 Bg4 12. Qe1 Bxe3 13. Qxe3 Rd8 14. f4 Bc8 15. h3 Nd7 16. Kh1 Qb6 17. Qc1 0-0 18. f5 f6 19. g4 a5 20. Rf3 Qc5 21. a4 Qe7 22. Rg3 Nc5 23. Qe3 b6 24. Rg1 g5 25. Bf1 Rd4 26. R1g2 Ba6 27. Be2 b5 28. Bf3 b4 29. Ne2 Rd1+ 30. Ng1 Rd7 31. h4 h6 32. Rh2 0-1

[Event "Asia-ch"]
[Site "Kolkata"]
[Date "2001.08.12"]
[Round "4"]
[White "Yu, Shaoteng"]
[Black "Donguines, Fernie"]
[Result "1/2-1/2"]
[WhiteElo "2517"]
[BlackElo "2411"]
[PlyCount "63"]
[EventDate "2001.08.09"]
[EventType "swiss"]
[EventRounds "11"]
[EventCountry "IND"]
[SourceTitle "CBM 085"]
[Source "ChessBase"]
[SourceDate "2001.11.13"]
[SourceVersion "1"]
[SourceVersionDate "2001.11.13"]
[SourceQuality "1"]

1. e4 g6 2. d4 Bg7 3. Nc3 d6 4. Be3 c6 5. Qd2 Nd7 6. Nf3 Qa5 7. Bd3 Ngf6 8. Bh6 0-0 9. 0-0 e5 10. a3 Qb6 11. Bxg7 Kxg7 12. Na4 Qc7 13. dxe5 dxe5 14. Qc3 b6 15. Rfe1 Bb7 16. b4 Rac8 17. Nb2 b5 18. a4 a6 19. Qb3 Rb8 20. c4 bxa4 21. Nxa4 c5 22. b5 Qd6 23. Rad1 Qe6 24. Qc3 Rfc8 25. Nd2 Nh5 26. Bf1 Nf4 27. Nf3 f6 28. Qd2 Nf8 29. Qd6 Qg4 30. Kh1 Nh5 31. Qe7+ Kg8 32. h3 1/2-1/2

[Event "Asia-ch"]
[Site "Kolkata"]
[Date "2001.08.10"]
[Round "2"]
[White "Torre, Eugenio"]
[Black "Donguines, Fernie"]
[Result "1/2-1/2"]
[WhiteElo "2541"]
[BlackElo "2411"]
[PlyCount "62"]
[EventDate "2001.08.09"]
[EventType "swiss"]
[EventRounds "11"]
[EventCountry "IND"]
[SourceTitle "CBM 085"]
[Source "ChessBase"]
[SourceDate "2001.11.13"]
[SourceVersion "1"]
[SourceVersionDate "2001.11.13"]
[SourceQuality "1"]

1. d4 g6 2. e4 Bg7 3. c3 d6 4. Bg5 h6 5. Bh4 Nf6 6. Nd2 Nbd7 7. Ngf3 e5 8. Bd3 0-0 9. 0-0 Qe8 10. Re1 Nh5 11. Nc4 Nf4 12. Bf1 b6 13. dxe5 dxe5 14. Bg3 Nc5 15. b4 Nb7 16. Bxf4 exf4 17. e5 Nd8 18. Nd4 Ne6 19. Qf3 Rb8 20. Nxe6 fxe6 21. Bd3 Bb7 22. Be4 Bxe4 23. Rxe4 g5 24. Rd1 Qg6 25. Red4 g4 26. Qe4 Rf5 27. Rd8+ Rxd8 28. Rxd8+ Kh7 29. b5 g3 30. Rd7 gxh2+ 31. Kxh2 Rf7 1/2-1/2

[Event "Manila zt 3.2a"]
[Site "Manila"]
[Date "2001.04.30"]
[Round "9"]
[White "Antonio, Rogelio Jr"]
[Black "Donguines, Fernie"]
[Result "1-0"]
[WhiteElo "2548"]
[BlackElo "2425"]
[PlyCount "39"]
[EventDate "2001.04.24"]
[EventType "swiss"]
[EventRounds "9"]
[EventCountry "PHI"]
[SourceTitle "CBM 083"]
[Source "ChessBase"]
[SourceDate "2001.07.05"]
[SourceVersion "1"]
[SourceVersionDate "2001.07.05"]
[SourceQuality "1"]

1. e4 e5 2. Nf3 Nf6 3. Nc3 Bb4 4. Nxe5 0-0 5. Nd3 Bxc3 6. dxc3 Nxe4 7. c4 b6 8. Be2 Nc6 9. Nf4 Ba6 10. 0-0 Re8 11. Re1 Qh4 12. g3 Qf6 13. f3 Nc5 14. c3 Ne5 15. b4 Ne6 16. Nd5 Qf5 17. f4 Ng5 18. fxg5 Bxc4 19. Bf4 Qe4 20. Bh5 1-0

[Event "Manila zt 3.2a"]
[Site "Manila"]
[Date "2001.04.27"]
[Round "5"]
[White "Nguyen, Anh Dung"]
[Black "Donguines, Fernie"]
[Result "1-0"]
[WhiteElo "2557"]
[BlackElo "2425"]
[PlyCount "55"]
[EventDate "2001.04.24"]
[EventType "swiss"]
[EventRounds "9"]
[EventCountry "PHI"]
[SourceTitle "CBM 083"]
[Source "ChessBase"]
[SourceDate "2001.07.05"]
[SourceVersion "1"]
[SourceVersionDate "2001.07.05"]
[SourceQuality "1"]

1. d4 Nf6 2. c4 g6 3. Nc3 Bg7 4. e4 d6 5. f3 0-0 6. Be3 a6 7. Qd2 Nc6 8. Nge2 Re8 9. g4 Rb8 10. 0-0-0 b5 11. h4 Na5 12. Ng3 Nxc4 13. Bxc4 bxc4 14. h5 c5 15. dxc5 Qa5 16. hxg6 fxg6 17. cxd6 Be6 18. Bd4 Rb7 19. g5 Reb8 20. gxf6 exf6 21. Nge2 h5 22. Nd5 Qxa2 23. Nec3 Qa1+ 24. Nb1 Rb3 25. Bc3 Kh7 26. Nxf6+ Kh8 27. Rh2 Rc8 28. Qc2 1-0

[Event "Goodricke op 07th"]
[Site "Kolkata"]
[Date "1996.??.??"]
[Round "8"]
[White "Dhar Barua, Saheli"]
[Black "Donguines, Fernie"]
[Result "0-1"]
[WhiteElo "2205"]
[BlackElo "2445"]
[PlyCount "63"]
[EventDate "1996.02.??"]
[EventType "swiss"]
[EventRounds "11"]
[EventCountry "IND"]
[SourceTitle "CBM 050 Extra"]
[Source "ChessBase"]
[SourceDate "1996.03.01"]
[SourceVersion "1"]
[SourceVersionDate "1996.03.01"]
[SourceQuality "1"]

1. e4 c5 2. Nf3 Nc6 3. d4 cxd4 4. Nxd4 Qc7 5. Nc3 e6 6. Be2 a6 7. 0-0 Nf6 8. Be3 b5 9. a3 Ne5 10. Ndxb5 axb5 11. Nxb5 Qc6 12. Qd4 Neg4 13. Bf4 Bc5 14. Qd1 0-0 15. b4 Nxf2 16. Rxf2 Bxf2+ 17. Kxf2 Nxe4+ 18. Kg1 Ba6 19. Nd4 Qd5 20. Nb3 Nc3 21. Bf3 Qxd1+ 22. Bxd1 Be2 23. Be5 Nxd1 24. Nd4 Bh5 25. b5 Nc3 26. b6 Ra6 27. Nf3 Bxf3 28. gxf3 Na4 29. b7 d6 30. Rb1 Rb8 31. Bd4 h6 32. Rb4 0-1